Statistics for Games by Country

Click here to take the quiz!

General Stats

  • This quiz has been taken 19 times
  • The average score is 10 of 20

Answer Stats

GameCountry% Correct
ChessIndia
81%
LegoDenmark
75%
MonopolyUnited States
75%
ScrabbleUnited States
69%
GoChina
63%
Pac-ManJapan
63%
PokerUnited States
63%
RouletteFrance
56%
Rubik's CubeHungary
56%
Dungeons and DragonsUnited States
50%
MatchboxUnited Kingdom
44%
Trivial PursuitCanada
38%
RiskFrance
38%
Chinese CheckersGermany
38%
Snakes and LaddersIndia
38%
BackgammonMesopotamia
38%
Tic Tac ToeRoman Empire
31%
Black PeterGermany
25%
LudoUnited Kingdom
25%
CanastaUruguay
13%

Score Distribution

Percentile by Number Answered

Percent of People with Each Score

Your Score History

You have not taken this quiz